000 00201nam a2200085Ia 4500
008 120527s9999 xx 000 0 und d
100 _aKimbal,W .John
245 _aIntroduction to Immunology
942 _cBK
999 _c27285
_d27285